|
|
|
|
| LEADER |
00000nam a2200000Ia 4500 |
| 008 |
170313b2004 u ||||| |||| 00| | spa d |
| 999 |
|
|
|c 1148
|d 1148
|
| 090 |
|
|
|a 13.09.09
|b 996
|
| 110 |
2 |
|
|a Programas de Promoción de la Reforma Educativa en America Latina (PREAL)
|9 3465
|
| 245 |
1 |
0 |
|a Maestros en América Latina: nuevas perspectivas sobre su formación y desempeño /
|c Programa de Promoción de la Reforma Educativa en América Latina y el Caribe
|
| 260 |
|
|
|a Washington :
|b PREAL,
|c 2004
|
| 300 |
|
|
|a 407 páginas
|
| 650 |
1 |
4 |
|a DOCENTES
|9 331
|
| 650 |
1 |
4 |
|a FORMACIÓN DE DOCENTES
|9 9
|
| 650 |
1 |
4 |
|9 499
|a PRÁCTICA PEDAGÓGICA
|
| 942 |
|
|
|i 001693 ,001701
|h 13.09.09 996
|2 z
|c 01
|